| Поле | Инд. | ПП | Название | Значение |
|---|---|---|---|---|
| Тип записи | a | |||
| Библиографический уровень | b | |||
| 001 | Контрольный номер | RU/IS/BASE/294325421 | ||
| 005 | Дата корректировки | 20200522191325.0 | ||
| 008 | Кодируемые данные | 20090429 | ||
| 040 | b | Код языка каталог. | rus | |
| e | Правила каталог. | PSBO | ||
| 041 | 0_ | a | Код языка текста | rus |
| 084 | a | Индекс другой классификации/Индекс ББК | 76.025; 83.044.7-117 | |
| 100 | 1_ | a | Автор | Ленкова Т. А. |
| 245 | 10 | a | Заглавие | Композиционно-речевые формы в журналистике |
| 504 | a | Библиография | Библиогр.: с. 143 | |
| 520 | 0_ | a | Аннотация | Автор считает, что и в лингвистике и в журналистике есть ряд родственных понятий, одно из которых понятие композиционно-речевой формы (КРФ). Одна и та же композиционно-речевая форма может употребляться во многих жанрах журналистики. Границы между жанрами журналистики расплывчаты, также как и между различными КРФ. Выбор КРФ должен быть адекватен жанру, для этого журналисту следует подходить к своей работе функционально, а не номинально |
| 650 | 14 | a | Основная рубрика | книжное дело |
| a | Основная рубрика | литературоведение | ||
| a | Основная рубрика | периодическая печать; журналистика; публицистика | ||
| a | Основная рубрика | филологические науки | ||
| 653 | 0_ | a | Ключевые слова | композиционно-речевые формы |
| a | Ключевые слова | описание | ||
| a | Ключевые слова | описание динамическое | ||
| a | Ключевые слова | описание статическое | ||
| a | Ключевые слова | очерки | ||
| a | Ключевые слова | репортажи | ||
| a | Ключевые слова | стилистика текста | ||
| 773 | 08 | t | Заглавие источника | Вестник Московского университета. Серия 9, Филология |
| d | Дата издания источника | 2008 | ||
| g | Прочая информация | № 6. - С. 138 - 143 : схем. | ||
| w | Контрольный № источника | RU/IS/BASE/293109115 | ||
| 901 | t | Тип документа | b |